La palabra

Na minha lista:
Detalhes bibliográficos
Autor principal: Gusdorf, Georges (Author)
Formato: Livro
Idioma:espanhol
Publicado em: Buenos Aires Galatea Nueva Visión 1957
Edição:1a. ed
Assuntos:
Tags: Adicionar Tag
Sem tags, seja o primeiro a adicionar uma tag!

MARC

LEADER 00000cam a2200000 a 4500
001 UCJ8191
003 CL-VaPUC
008 070124e19570606AG |||||||||||||||||spa|d
082 0 4 |a 401  |b GUS  |2 21 
100 0 |a Gusdorf, Georges  |e author  |9 365264 
245 1 3 |a La palabra 
250 |a 1a. ed 
300 |a 106 p 
942 |c BK 
945 |d 20070124 00:00:00  |a rinostro 
260 |a Buenos Aires  |b Galatea Nueva Visión  |c 1957 
650 0 |a Lenguaje y lenguas  |9 265846 
650 0 |a Estilos literarios  |9 310538 
650 0 |a Comunicación   |9 257251 
583 |a last modification  |c 20171116 10:33:59  |k Rodrigo Vera 
999 |c 323980  |d 323978 
952 |0 0  |1 0  |4 0  |6 401_000000000000000_GUS_1957  |7 0  |8 X  |9 403856  |a FDOBUD  |b FDOBUD  |d 2019-11-22  |i 1074253  |o 401 GUS 1957  |p 1074253  |r 2019-11-22  |w 2019-11-22  |y BK_X  |k BUD 
952 |0 0  |1 0  |3 erb  |4 0  |6 401_000000000000000_GUS_1957  |7 0  |8 A  |9 403857  |a BIBEDU  |b BIBEDU  |i 5437504  |o 401 GUS 1957  |p 5437504  |r 2019-11-22  |w 2019-11-22  |y BK  |z Catalogado en:20171117  |k FIL